01079nam a22002895i 4500999001700000003000900017005001700026008004100043020001800084040004300102082002000145100002800165245005700193264006100250264005200311300002300363336002600386337002800412338002700440504005100467650003600518653002700554655001700581700003300598942001200631952014600643 c27936d27907EG-ScBUE20191221150718.0191221s2018 ii f b 001 0 eng d a9788131102664 aEG-ScBUEbengerdacEG-ScBUEdEG-ScBUE04a306.44bJOH2221 aJohn, Patrick,eauthor.10aSociolinguistics /cPatrick John, David Christopher. 1aDarya Ganj, New Delhi :bCommonwealth publishers,c2018. 2aDarya Ganj, New Delhi :bArjun Publishing Hpuse a276 pages ;c24 cm atextbtxt2rdacontent aunmediatedbn2rdamedia avolumebnc2rdacarrier aIncludes bibliographical references and index. 7aSociolinguistics.2BUEsh939810 bHHUUEENNcDecember2019 vReading book1 aChristopher, David,eauthor. 2ddccBB 00102ddc40708BaccahaMAINbMAINc1STd2019-12-21ePurchaseg750.00l0o306.44 JOHp000048459r2025-07-15 00:00:00v937.50w2019-12-21yBB